| 000 | nam a22 7a 4500 | ||
|---|---|---|---|
| 999 |
_c28354 _d28354 |
||
| 008 | 170302b xxu||||| |||| 00| 0 eng d | ||
| 020 | _a1570394865 | ||
| 050 | _aQA 39.2 .C69 1997 | ||
| 100 | _aCoxford, Arthur F. | ||
| 245 |
_aContemporary Mathematics in Context: _bA Unified Approach/ _cArthur F. Coxford |
||
| 260 |
_aChicago: _bEveryday Learning, _c1997. |
||
| 300 |
_a168p.: _bill.; _c27cm. |
||
| 521 | _aIncludes index. | ||
| 942 |
_2lcc _cBOOKS _hQA 39.2 .C69 1997 |
||